Statistiques concernant Les participants aux Worlds Championships de LoL

Cliquez ici pour prendre le quiz!

Statistiques générales

  • Ce quiz a été pris 297 fois
  • Le résultat moyen est 25 sur 83

Statistiques - réponses

EquipeRégion de l'équipe Actuelle% Correct
FnaticEurope West
98%
G2 EsportsEurope West
98%
SK TelecomKorea
98%
Cloud 9North America
87%
SamsungKorea
84%
FunPlus PhoenixChina
83%
Royal Never Give UpChina
77%
DAMWON GamingKorea
76%
Invictus GamingChina
76%
Gen.GKorea
72%
SK GamingEurope West
71%
EDward GamingChina
69%
KT RolsterKorea
68%
Team LiquidNorth America
68%
MAD TeamSouth East Asia
67%
Team VitalityEurope West
67%
Team SoloMidNorth America
61%
OrigenEurope West
59%
Taipei AssassinsSouth East Asia
58%
GIGABYTE Marines / GAM EsportsViet Nam
53%
SplyceEurope West
53%
against All authorityEurope West
50%
Misfits GamingEurope West
50%
Unicorns of LoveRussia
49%
KOO / ROX TigersKorea
47%
Counter Logic GamingNorth America
45%
DetonatioN Focus MeJapan
45%
H2K GamingEurope West
45%
Moscow FiveRussia
39%
100 ThievesNorth America
34%
Gambit EsportsRussia
34%
GriffinKorea
33%
Team WEChina
31%
Flash WolvesSouth East Asia
30%
Afreeca FreecsKorea
27%
DignitasNorth America
26%
AllianceEurope West
25%
Longzhu GamingKorea
22%
Azubu FrostKorea
21%
LGD GamingChina
21%
ImmortalsNorth America
20%
Oh My GodChina
19%
paiN GamingBrasil
17%
ahq eSports ClubSouth East Asia
16%
NaJinKorea
14%
Albus NoX LunaRussia
13%
LemondogsEurope West
13%
KaBuM! e-SportsBrasil
12%
Saigon JokersSouth East Asia
12%
1907 FenerbahçeTurquie
10%
Clutch GamingNorth America
10%
Phong Vũ BuffaloViet Nam
10%
SuperMassiveTurquie
10%
J TeamSouth East Asia
9%
Bangkok TitansSouth East Asia
7%
HK AttitudeSouth East Asia
7%
I MayChina
7%
INTZBrasil
7%
Flamengo eSportsBrasil
6%
IsurusLatin America
6%
LMQNorth America
6%
MAMMOTHOceania
6%
Gamania BearsSouth East Asia
5%
Kaos Latin GamersLatin America
5%
Dark PassageTurquie
4%
Dire WolvesOceania
4%
Infinity EsportsLatin America
4%
Pacific eSportsSouth East Asia
4%
Royal YouthTurquie
4%
G-RexSouth East Asia
3%
Ascension GamingSouth East Asia
2%
Epik GamerNorth America
2%
GamingGear.euRussia
2%
Lowkey EsportsViet Nam
2%
Lyon GamingLatin America
2%
MEGASouth East Asia
2%
MineskiSouth East Asia
2%
RampageJapan
2%
Team oNe eSportsBrasil
2%
Team VulcunNorth America
2%
XanSouth East Asia
2%
Young GenerationViet Nam
2%
Team GAMED.DEEurope West
1%

Distribution des résultats

Percentile par nombre de réponses

% des personnes avec chaque résultat

Votre développement - résultats

Vous n’avez pas pris ce quiz